书目信息 |
| 题名: |
模拟与数字电子技术基础问与答
|
|
| 作者: | 陈克〓 , 李忠波 编 | |
| 分册: | ||
| 出版信息: | 北京 机械工业出版社 1987 |
|
| 页数: | 438页 | |
| 开本: | 20cm | |
| 丛书名: | ||
| 单 册: | ||
| 中图分类: | TN431 , TN01-44 | |
| 科图分类: | ||
| 主题词: | 模拟-集成电路 , 集成电路-模拟 , 数字-集成电路 , 集成电路-数字 , 无线电电子学--理论 , 通信技术--理论 | |
| 电子资源: | ||
| ISBN: | ||
| 000 | 00927nam0 2200337 45 | |
| 001 | 0187006115 | |
| 005 | 20040520103446.7 | |
| 010 | @dCNY4.00 | |
| 091 | @a15033.6547 | |
| 100 | @a19901117d1987 em y0chiy0121 ea | |
| 101 | 0 | @achi |
| 102 | @aCN@b110000 | |
| 105 | @ay z 000yy | |
| 106 | @ar | |
| 200 | 10 | @a模拟与数字电子技术基础问与答@Amo ni yu shu zi dian zi ji shu ji chu wen yu da@f陈克〓, 李忠波编 |
| 210 | @a北京@c机械工业出版社@d1987 | |
| 215 | @a438页@d20cm | |
| 303 | @a〓=[钅昌](chang) | |
| 606 | @a模拟-集成电路 | |
| 606 | @a集成电路-模拟 | |
| 606 | @a数字-集成电路 | |
| 606 | @a集成电路-数字 | |
| 606 | 0 | @a无线电电子学@x理论 |
| 606 | 0 | @a通信技术@x理论 |
| 690 | @aTN431@v3 | |
| 690 | @aTN01-44 | |
| 701 | 0 | @a陈克〓@Achen ke 〓@4编 |
| 701 | 0 | @a李忠波@Ali zhong bo@4编 |
| 801 | 0 | @aCN@b深圳图书馆@c20040520 |
| 801 | 2 | @aCN@bNLC@c20040520 |
| 905 | @f2@b210137-138@dTN01-44@e39 | |
| 模拟与数字电子技术基础问与答/陈克〓, 李忠波编.-北京:机械工业出版社,1987 |
| 438页;20cm |
| ISBN :CNY4.00 |
| ● |
| 相关链接 |
|
|
|
|
正题名:模拟与数字电子技术基础问与答
索取号:TN01-44/39
 
预约/预借
| 序号 | 登录号 | 条形码 | 馆藏地/架位号 | 状态 | 备注 |
| 1 | 0210137 | 001349277 | 第三借阅区/ [索取号:TN01-44/39] | 在馆 | |
| 2 | 0210138 | 001349160 | 第三借阅区/ [索取号:TN01-44/39] | 在馆 | |
| 3 | 0210139 | 001348848 | 第二样本阅览室/ [索取号:TN01-44/39] | 在馆 |